00505nam a22001457a 4500999001500000008004100015110006000056245003400116260006600150300001000216365000900226650001700235942000700252952010000259 c4260d4260200728b ||||| |||| 00| 0 eng d 91726aMinistry of information and Broad Casting, India.10a A career in the armed forces aDelhibMinistry of information and Broad Casting, Indiac1950 a50 p. d0.08 0aArmed Forces cBK 00102ddc4070912428aCLbCLd1954-02-24eGraford Books and stationaryp01907r2020-07-28yBK